000 00529nam a2200217Ia 4500
003 OSt
005 20220928144304.0
006 a|||||r|||| 00| 0
007 ta
008 220927b |||||||| |||| 00| 0 eng d
024 _a64322
037 _cTextual
040 _aSDCL
_cSDCL
_beng
041 _2eng
_aeng
082 _aD6,9(B), L3
100 _aRajaraman V.
245 0 _aComputer programming in fortran IV
260 _c1973
942 _hD6,9(B), L3
_cTEXL
_2CC
999 _c826942
_d826942